Universidad Nacional del Comahue 1972-1997. (Registro nro. 733)
[ vista simple ]
| 000 -LEADER | |
|---|---|
| fixed length control field | 01393Cam#a2200277#a#4500 |
| 005 - FECHA ULTIMA MODIFICACION | |
| control field | 20240628093311.0 |
| 008 - CAMPO DE CONTROL (LIBRO) | |
| fixed length control field | 100915s1998||||ag o |||||||||||||spa d |
| 020 ## - INTERNATIONAL STANDARD BOOK NUMBER | |
| ISBN | 9509859281 |
| 041 ## - CODIGO DE IDIOMA | |
| Código de idioma del texto/pista de sonido o título separado | spa |
| 092 ## - SIGNATURA TOPOGRAFICA DEWEY LOCAL | |
| número de clasificación | 378.09 |
| libristica | 88 |
| sección | UNC |
| 110 1# - ENTRADA PRINCIPAL-AUTOR CORPORATIVO | |
| Nombre de la institución, jurisdicción como entrada principal | Universidad Nacional del Comahue. |
| 9 (RLIN) | 2678 |
| 245 ## - TITULO PROPIAMENTE DICHO | |
| Título | Universidad Nacional del Comahue 1972-1997. |
| Subtítulo y Título paralelo | Una historia de 25 años / |
| Mención de responsabilidad y remanente de la transcripción de la portada | Susana Bandieri |
| 250 ## - MENCION DE EDICION | |
| Mención de edición | 1a ed. |
| 260 ## - PIE DE IMPRENTA | |
| Lugar de publicación, distribución, etc | Neuquén [Argentina]: |
| Nombre de la editorial, distribuidor, etc | EDUCO ; REUN; |
| Fecha de publicación | 1998. |
| 300 ## - DESCRIPCION FISICA | |
| Extension | 298 p. |
| 500 ## - NOTA GENERAL | |
| Nota general | Bandieri, S. et al. (1998). Universidad Nacional del Comahue 1972-1997. Una historia de 25 años. (1a ed.). Neuquén: EDUCO ; REUN. |
| 653 #4 - TÉRMINO INDIZADO - PALABRAS CLAVES | |
| Palabra clave | Los antecedentes de la Universidad Nacional del Comahue: entre proyectos y concreciones |
| 653 #3 - TÉRMINO INDIZADO - PALABRAS CLAVES | |
| Palabra clave | La Universidad Nacional del Comahue en los años 70: de la rebelión creativa a la reacción autoritaria |
| 653 #3 - TÉRMINO INDIZADO - PALABRAS CLAVES | |
| Palabra clave | La universidad en la recuperación de la democracia y la dificultosa reconstrucción de su identidad |
| 653 #3 - TÉRMINO INDIZADO - PALABRAS CLAVES | |
| Palabra clave | El fin del milenio y los desafios del siglo que comienza |
| 653 #3 - TÉRMINO INDIZADO - PALABRAS CLAVES | |
| Palabra clave | Un cuarto de siglo de la vida universitaria: Facultades y Centros Regionales |
| 653 #3 - TÉRMINO INDIZADO - PALABRAS CLAVES | |
| Palabra clave | La universidad y el medio: Museo de Paleontología y Geología Regional. Fundación de la Universidad Nacional del Comahue para el Desarrollo Regional |
| 700 1# - ENTRADAS SECUNDARIAS - NOMBRE PERSONAL | |
| Nombre personal | Banderi, Susana |
| Función | Coord. |
| 9 (RLIN) | 3878 |
| 930 ## - NUMERO DE INVENTARIO | |
| Número de inventario | 512 |
| 942 ## - ADDED ENTRY ELEMENTS (KOHA) | |
| Source of classification or shelving scheme | Dewey Decimal Classification |
| Item type | Libros |
| Estado de retiro | Existencia | Estado general | No para prestamo | Ubicación permanente | ubicación actual | Sala de ubicación | Fecha de adquisición | Total Checkouts | Total Renewals | Número de clasificación | Código de barras | Date last seen | Date last borrowed | Número de ejemplar | Price effective from | Koha tipo de elemento (item) |
|---|---|---|---|---|---|---|---|---|---|---|---|---|---|---|---|---|
| Biblioteca Medicina | Biblioteca Medicina | Circulación | 13/05/2011 | 1 | 2 | 378.09 88 UNC | 512 | 05/05/2025 | 13/02/2025 | ej.1 | 13/05/2011 | Libros |